01022nam a2200265 a 450000500170000000800410001704000250005804100080008304400070009109000130009810000300011124501400014126000690028130000110035065000180036165000190037965000130039865000240041165000290043566200130046470000340047794200130051199900150052495202170053920160825164603.0140226b1988 ck |||||rm||| 00| 0 spa d aCO-BoIAVHcCO-BoIAVH aspa ack aTEb0034 aLamprea Quiroga, Pedro S. aEficiencia de los tratamientos pregerminativos sujetos a diferentes periodos de almacenamiento en semillas de cinco especies forestales aBogotábUniversidad Distrital Francisco José de Caldasc1988 a129 p. aGerminación aAlmacenamiento aSemillas aEspecies forestales aMétodos de laboratorio aColombia aVillamizar Carvajal, Jesus A. cTESIS2z c1285d1285 00102z40708TESISIINV2017aBogotabBogotad1999-05-01eInstituto Nacional de los Recursos Naturales Renovables y del Medio Ambientel0oTE-0034p001726r2012-12-04 00:00:00tEj. 1w2012-12-04xDonacionyTESIS